[Event "PRO League Group Stage"]
[Site "chess.com INT"]
[Date "2019.01.08"]
[Round "1"]
[White "Smirnov, Anton"]
[Black "Holt, Conrad"]
[Result "0-1"]
[WhiteTitle "GM"]
[BlackTitle "GM"]
[WhiteElo "2569"]
[BlackElo "2548"]
[WhiteTeam "Australia Kangaroos"]
[BlackTeam "Dallas Destiny"]
[WhiteFideId "3208923"]
[BlackFideId "2034387"]
[EventDate "2019.01.08"]

1. e4 e6 2. d4 d5 3. Nc3 Nf6 4. e5 Nfd7 5. f4 c5 6. Nf3 Nc6 7. Be3 Be7 8. Qd2
O-O 9. dxc5 Nxc5 10. Qf2 Qa5 11. Bd3 Nb4 12. Qd2 Nbxd3+ 13. cxd3 Nb3 14. Qd1
Nxa1 15. Qxa1 Bd7 16. O-O Rac8 17. a3 Qa6 18. Rd1 Rc7 19. f5 f6 20. exf6 Bxf6
21. d4 Rcc8 22. Qb1 Qd6 23. fxe6 Bxe6 24. Rf1 Qd7 25. h3 Rce8 26. Bf4 Bf5 27.
Qd1 Be4 28. Ne5 Bxe5 29. Bxe5 Rxf1+ 30. Qxf1 Rf8 31. Qe2 Bg6 32. Qe3 Qf7 33. Kh2
Qd7 34. Ne2 Be4 35. Qg3 Qf7 36. Nf4 h6 37. Qg4 Kh7 38. h4 Bf5 39. Qf3 Qe7 40.
Qg3 Be4 41. Qg4 Rf7 42. Qg3 g5 43. hxg5 Qxg5 44. Qf2 Qg4 45. Kg1 h5 46. Kh2 h4
47. Qd2 Qg3+ 48. Kg1 Qg5 49. Kh2 a5 50. Qf2 Rf8 51. g3 hxg3+ 52. Qxg3 Qh6+ 53.
Qh3 Rc8 54. Qxh6+ Kxh6 55. b4 axb4 56. axb4 Kg5 57. Ne6+ Kg4 58. Nc5 b6 59. Nd7
Rc2+ 60. Kg1 Kf3 61. Nxb6 Rc1+ 62. Kh2 Kg4 0-1

[Event "PRO League Group Stage"]
[Site "chess.com INT"]
[Date "2019.01.08"]
[Round "1"]
[White "Javakhadze, Zurab"]
[Black "Kuybokarov, Temur"]
[Result "1-0"]
[WhiteTitle "IM"]
[BlackTitle "IM"]
[WhiteElo "2449"]
[BlackElo "2513"]
[WhiteTeam "Dallas Destiny"]
[BlackTeam "Australia Kangaroos"]
[WhiteFideId "13603647"]
[BlackFideId "14203049"]
[EventDate "2019.01.08"]

1. d4 Nf6 2. Nf3 d5 3. e3 g6 4. Nbd2 a5 5. b3 Bg7 6. a3 c5 7. Bb2 cxd4 8. exd4
Bf5 9. Nh4 Bg4 10. Nhf3 Nc6 11. Bd3 Nh5 12. h3 Bd7 13. g3 Qb6 14. Ne5 Nxd4 15.
Nxd7 Qe6+ 16. Kf1 Qxd7 17. Kg2 O-O 18. Re1 Rac8 19. Rb1 Rfe8 20. Nf1 Nc6 21.
Bxg7 Kxg7 22. b4 axb4 23. axb4 e5 24. c3 f5 25. Ra1 d4 26. b5 Nd8 27. cxd4 Qxd4
28. Ne3 Ne6 29. Bxf5 Qxd1 30. Raxd1 gxf5 31. Nxf5+ Kf6 32. Nd6 Nhg7 33. Nxc8
Rxc8 34. Rd5 Nf5 35. Rexe5 Nfd4 36. Rh5 Kg6 37. Rh4 Nf5 38. Re4 Kf6 39. g4 Nfg7
40. f4 h6 41. Rd6 Ke7 42. Rdxe6+ Nxe6 43. f5 Rc2+ 44. Kg3 1-0

[Event "PRO League Group Stage"]
[Site "chess.com INT"]
[Date "2019.01.08"]
[Round "1"]
[White "Zhu, Jiner"]
[Black "Matheson, Laurence"]
[Result "1/2-1/2"]
[WhiteTitle "WIM"]
[WhiteElo "2424"]
[BlackElo "2253"]
[WhiteTeam "Dallas Destiny"]
[BlackTeam "Australia Kangaroos"]
[WhiteFideId "8608059"]
[BlackFideId "3200264"]
[EventDate "2019.01.08"]

1. e4 c6 2. d4 d5 3. e5 Nh6 4. Bd3 c5 5. dxc5 Nc6 6. Bxh6 gxh6 7. Nf3 Qa5+ 8.
Nbd2 Qxc5 9. c3 Bg7 10. Nb3 Qb6 11. Qe2 Qc7 12. O-O Bg4 13. h3 Bxf3 14. Qxf3
Qxe5 15. Rfe1 Qd6 16. Rad1 e6 17. Bc2 O-O 18. c4 Ne5 19. Qg3 Nxc4 20. Qd3 Rfe8
21. Qxh7+ Kf8 22. Rd3 Rac8 23. Rg3 Bf6 24. Qxh6+ Ke7 25. Rf3 Bxb2 26. Qh4+ f6
27. Qh7+ Kd8 28. Rg3 Re7 29. Qd3 Kc7 30. Nd4 Kb8 31. Bb3 Qb6 32. Nf5 Rec7 33.
Ng7 Be5 34. Rg6 Nb2 35. Qe2 Rc1 36. g3 Nd3 37. Rxc1 Rxc1+ 38. Kg2 Ne1+ 39. Kh2
Qd4 40. Nh5 Qe4 41. Rg8+ Kc7 42. Rg7+ Kd6 43. Qxe4 dxe4 44. h4 Nf3+ 45. Kg2 Rg1+
46. Kh3 f5 47. Rxb7 Rh1+ 48. Kg2 Rg1+ 49. Kh3 Rh1+ 50. Kg2 Rg1+ 51. Kh3 Rh1+ 52.
Kg2 Rg1+ 53. Kh3 Rh1+ 54. Kg2 1/2-1/2

[Event "PRO League Group Stage"]
[Site "chess.com INT"]
[Date "2019.01.08"]
[Round "1"]
[White "Ding, Liren"]
[Black "Corrales Jimenez, Fidel"]
[Result "1-0"]
[WhiteTitle "GM"]
[BlackTitle "GM"]
[WhiteElo "2813"]
[BlackElo "2559"]
[WhiteTeam "Chengdu Pandas"]
[BlackTeam "Minnesota Blizzard"]
[WhiteFideId "8603677"]
[BlackFideId "3506690"]
[EventDate "2019.01.08"]

1. Nf3 Nf6 2. g3 g6 3. Bg2 d5 4. c4 Bg7 5. cxd5 Nxd5 6. d4 O-O 7. O-O Nb6 8. Nc3
a5 9. Bf4 Na6 10. Rc1 c6 11. e3 Nb4 12. e4 Bg4 13. a3 Na6 14. Ne2 a4 15. h3 Bxf3
16. Bxf3 e6 17. Qc2 Nc7 18. Rfd1 Nb5 19. Be3 Nd6 20. Qd3 f5 21. e5 Nb5 22. Nf4
Qd7 23. d5 Nxd5 24. Bxd5 exd5 25. e6 Qe8 26. Bc5 Rf6 27. e7 Rf7 28. Re1 Qd7 29.
Re2 Nc7 30. Rce1 Re8 31. Qc2 Na6 32. Ne6 Nxc5 33. Nxc5 Qc7 34. Ne6 Qd6 35. Nxg7
Kxg7 36. Re6 Qd7 37. Qc5 Kg8 38. h4 d4 39. Rd6 Rexe7 40. Rxe7 Qxe7 41. Qxd4 f4
42. Rd8+ Rf8 43. Rd7 Qf6 44. Qxf6 Rxf6 45. Rxb7 fxg3 46. fxg3 Rf3 47. Kg2 Rd3
48. Kh3 c5 49. Kg4 h5+ 50. Kf4 Rd4+ 51. Kg5 Rg4+ 52. Kh6 Rxg3 53. Rg7+ Kf8 54.
Rxg6 Rb3 55. Rg2 c4 56. Rc2 Rb5 57. Rxc4 Rxb2 58. Kxh5 Rb5+ 59. Kg4 Ra5 60. Kf3
Kf7 61. Ke3 Ke6 62. Kd3 Kd5 63. Kc3 Ra8 64. Rg4 Rc8+ 65. Kb4 Rc1 66. Kxa4 Kc5
67. Ka5 Kc6 68. a4 Kb7 69. Kb5 Rb1+ 70. Kc5 Rc1+ 71. Kd6 Re1 72. h5 Rh1 73. Rg5
Kc8 74. Ke7 Kc7 75. a5 Kb7 76. Kf7 Rc1 77. h6 Rc7+ 78. Kg6 Rc6+ 79. Kh5 Rc1 80.
h7 1-0

[Event "PRO League Group Stage"]
[Site "chess.com INT"]
[Date "2019.01.08"]
[Round "1"]
[White "Wang, Yue"]
[Black "Flores Rios, Mauricio"]
[Result "1-0"]
[WhiteTitle "GM"]
[BlackTitle "GM"]
[WhiteElo "2684"]
[BlackElo "2529"]
[WhiteTeam "Chengdu Pandas"]
[BlackTeam "Minnesota Blizzard"]
[WhiteFideId "8601429"]
[BlackFideId "3408027"]
[EventDate "2019.01.08"]

1. Nf3 Nf6 2. c4 g6 3. Nc3 Bg7 4. g3 O-O 5. Bg2 c6 6. d4 d5 7. cxd5 cxd5 8. Ne5
e6 9. O-O Nfd7 10. Nf3 Nc6 11. Bf4 Nb6 12. Rc1 a6 13. b3 Qe7 14. Qd2 Bd7 15. Bc7
Nc8 16. Na4 Nd6 17. Nc5 Ne4 18. Nxe4 dxe4 19. Ne5 Rfc8 20. Bb6 Nxe5 21. dxe5
Bxe5 22. Bxe4 Bb5 23. a4 Be8 24. Rfd1 Rab8 25. Bf3 Bc6 26. Bxc6 Rxc6 27. Rxc6
bxc6 28. Qe3 Bd6 29. h4 h5 30. a5 Bc7 31. Bc5 Qe8 32. b4 Rd8 33. Rc1 Rd5 34. Qc3
Qd7 35. Qc4 Qc8 36. Be3 Bd6 37. Bh6 Kh7 38. e4 Rb5 39. Bd2 Qb8 40. Qxc6 Bxb4 41.
Bxb4 Rxb4 42. Qxa6 Rxe4 43. Qd3 Ra4 44. Qd7 Rxa5 45. Qxf7+ Kh6 46. Rc7 Qh8 47.
Qxe6 Qe5 48. Qf7 Qh8 49. Qf4+ 1-0

[Event "PRO League Group Stage"]
[Site "chess.com INT"]
[Date "2019.01.08"]
[Round "1"]
[White "Tang, Andrew"]
[Black "Zhao, Jun"]
[Result "0-1"]
[WhiteTitle "GM"]
[BlackTitle "GM"]
[WhiteElo "2487"]
[BlackElo "2610"]
[WhiteTeam "Minnesota Blizzard"]
[BlackTeam "Chengdu Pandas"]
[WhiteFideId "2059630"]
[BlackFideId "8602522"]
[EventDate "2019.01.08"]

1. d4 Nf6 2. c4 g6 3. f3 Bg7 4. e4 d6 5. Nc3 a6 6. Be3 c6 7. c5 O-O 8. Nge2 b5
9. cxd6 exd6 10. Qd2 Re8 11. Nf4 Nbd7 12. Be2 Bb7 13. O-O Qe7 14. Rac1 c5 15.
dxc5 dxc5 16. Rfd1 Rad8 17. Qc2 c4 18. a4 Bc6 19. axb5 axb5 20. Nfd5 Nxd5 21.
Nxd5 Qe5 22. b3 Bxd5 23. Rxd5 Qxd5 24. exd5 Rxe3 25. bxc4 b4 26. Qd2 Rde8 27.
Qxb4 Rxe2 28. c5 Rb2 29. Qh4 Nxc5 30. d6 Ree2 31. Kh1 Bf8 32. h3 Ne6 33. d7 Rbd2
34. Qa4 Rxg2 35. Rc8 Rge2 36. Rc1 Rh2+ 37. Kg1 Rdg2+ 38. Kf1 Ra2 0-1

[Event "PRO League Group Stage"]
[Site "chess.com INT"]
[Date "2019.01.08"]
[Round "1"]
[White "Bartholomew, John"]
[Black "Zhang, Di"]
[Result "1-0"]
[WhiteTitle "IM"]
[WhiteElo "2439"]
[BlackElo "1966"]
[WhiteTeam "Minnesota Blizzard"]
[BlackTeam "Chengdu Pandas"]
[WhiteFideId "2019353"]
[BlackFideId "8616590"]
[EventDate "2019.01.08"]

1. d4 Nf6 2. Nf3 e6 3. c4 Bb4+ 4. Bd2 Qe7 5. g3 O-O 6. Bg2 d5 7. Qc2 c5 8. Bxb4
cxb4 9. O-O Nc6 10. Nbd2 Bd7 11. Rac1 Rfc8 12. Qb1 b6 13. e4 dxe4 14. Nxe4 Nxe4
15. Qxe4 Rd8 16. Rfe1 Qd6 17. Rcd1 Rac8 18. Ng5 g6 19. d5 exd5 20. cxd5 Na5 21.
Qh4 h5 22. Ne4 Qf8 23. Nf6+ Kh8 24. Nxd7 Rxd7 25. Bh3 Rcd8 26. Bxd7 Rxd7 27. d6
Nc6 28. Qe4 Nd8 29. Qe7 1-0

[Event "PRO League Group Stage"]
[Site "chess.com INT"]
[Date "2019.01.10"]
[Round "1"]
[White "Manukian, Artak"]
[Black "Andreikin, Dmitry"]
[Result "1/2-1/2"]
[BlackTitle "GM"]
[WhiteElo "2196"]
[BlackElo "2725"]
[WhiteTeam "Armenia Eagles"]
[BlackTeam "Volga Stormbringers"]
[WhiteFideId "13301373"]
[BlackFideId "4158814"]
[EventDate "2019.01.08"]

1. e4 c5 2. Nf3 e6 3. c3 Nf6 4. e5 Nd5 5. d4 cxd4 6. cxd4 d6 7. Nc3 Nxc3 8. bxc3
Nd7 9. Bf4 Qc7 10. Rc1 dxe5 11. Nxe5 Bd6 12. Bb5 O-O 13. Bxd7 Bxd7 14. O-O Bc6
15. Bg3 Be4 16. Re1 Bf5 17. Qb3 Rfd8 18. c4 Qb6 19. c5 Qxb3 20. axb3 Bf8 21.
Red1 f6 22. Nc4 e5 23. Nd6 Bxd6 24. cxd6 Rxd6 25. dxe5 Rxd1+ 26. Rxd1 a5 27.
exf6 gxf6 28. Bc7 Bc2 29. Rd8+ Rxd8 30. Bxd8 Bxb3 31. Bxa5 Kf7 32. Kf1 Ke6 33.
Ke2 Kd5 34. Kd2 Kc4 35. g4 Kd5 36. f3 Ke6 1/2-1/2

[Event "PRO League Group Stage"]
[Site "chess.com INT"]
[Date "2019.01.10"]
[Round "1"]
[White "Sargsyan, Shant"]
[Black "Abdusattorov, Nodirbek"]
[Result "1/2-1/2"]
[WhiteTitle "IM"]
[BlackTitle "GM"]
[WhiteElo "2486"]
[BlackElo "2560"]
[WhiteTeam "Armenia Eagles"]
[BlackTeam "Volga Stormbringers"]
[WhiteFideId "13306766"]
[BlackFideId "14204118"]
[EventDate "2019.01.08"]

1. d4 Nf6 2. c4 e6 3. Nf3 b6 4. g3 Bb7 5. Bg2 Be7 6. O-O O-O 7. Re1 Na6 8. a3 d5
9. cxd5 exd5 10. Nc3 Re8 11. Bf4 c5 12. e3 Nc7 13. Be5 Ne6 14. Qc2 Rc8 15. Rad1
cxd4 16. Bxd4 Nxd4 17. Nxd4 Bc5 18. Nde2 Qe7 19. Qf5 Rcd8 20. b4 Bc8 21. Qd3 d4
22. bxc5 dxc3 23. Qxc3 bxc5 24. Nf4 Bf5 25. Rxd8 Rxd8 26. e4 Re8 27. Nd3 Bg6 28.
Qxc5 Qxc5 29. Nxc5 Rc8 30. Nb7 Rc3 31. e5 Nd7 32. Rd1 Nf8 33. a4 h5 34. Nd6 Ra3
35. Bc6 h4 36. Nc8 Bh5 37. Rc1 Ne6 38. Kg2 Nd4 39. Be4 Bg4 40. h3 Be6 41. Nxa7
hxg3 42. Nb5 Rxa4 43. Nxd4 Rxd4 44. f3 g6 45. Kxg3 Kg7 46. h4 Rd2 47. Rh1 Kh6
48. Ra1 Re2 49. Ra8 Kg7 50. Ra7 Kh6 51. Ra6 Kg7 52. Ra5 Re1 53. Rc5 Rg1+ 54. Kh2
Re1 55. Rb5 Kh6 56. Rb8 Kg7 57. Rb4 Kh6 58. Kg3 Rg1+ 59. Kh2 Re1 60. Kg3 Rg1+
61. Kf2 Rh1 62. Bd3 Kh5 63. Rb8 Rh2+ 64. Ke3 Rxh4 65. Rh8+ Kg5 66. Rxh4 Kxh4 67.
f4 1/2-1/2

[Event "PRO League Group Stage"]
[Site "chess.com INT"]
[Date "2019.01.10"]
[Round "1"]
[White "Gorozhanin, Mikhail"]
[Black "Martirosyan, Haik M."]
[Result "0-1"]
[WhiteTitle "FM"]
[BlackTitle "GM"]
[WhiteElo "2429"]
[BlackElo "2607"]
[WhiteTeam "Volga Stormbringers"]
[BlackTeam "Armenia Eagles"]
[WhiteFideId "4178262"]
[BlackFideId "13306553"]
[EventDate "2019.01.08"]

1. d4 Nf6 2. Bf4 e6 3. e3 d5 4. Nf3 c5 5. c3 Bd6 6. Bg3 Qc7 7. Nbd2 Nbd7 8. c4
O-O 9. Rc1 Bxg3 10. hxg3 dxc4 11. Nxc4 b6 12. Bd3 Bb7 13. g4 g6 14. g5 Nd5 15.
Bb1 Ba6 16. Nce5 Nxe5 17. Nxe5 Qe7 18. Qg4 cxd4 19. Nc6 Qd6 20. Qh4 h5 21. gxh6
dxe3 22. Qd4 exf2+ 23. Kxf2 Qf4+ 24. Qxf4 Nxf4 25. Ne7+ Kh8 26. Rc7 Rad8 27. g3
Nh5 28. Be4 Rd2+ 29. Ke3 Re2+ 30. Kf3 Rxb2 31. g4 Be2+ 32. Ke3 Bxg4 33. Bxg6
Re2+ 34. Kd4 Nf4 35. Bc2 Rd8+ 36. Kc3 Re3+ 37. Kb2 Nd3+ 38. Ka1 Ne5 39. Bb1 Bf3
40. Rh3 Re1 41. Rh4 Be2 42. Kb2 Bd3 43. Bc2 Re2 44. Rf4 Bxc2 45. Rxf7 Bg6+ 46.
Kc3 Bxf7 0-1

[Event "PRO League Group Stage"]
[Site "chess.com INT"]
[Date "2019.01.10"]
[Round "1"]
[White "Rodchenkov, Vitaly"]
[Black "Andriasian, Zaven"]
[Result "1-0"]
[WhiteTitle "FM"]
[BlackTitle "GM"]
[WhiteElo "2296"]
[BlackElo "2604"]
[WhiteTeam "Volga Stormbringers"]
[BlackTeam "Armenia Eagles"]
[WhiteFideId "4152964"]
[BlackFideId "13302000"]
[EventDate "2019.01.08"]

1. e4 c5 2. Nf3 d6 3. Bb5+ Nc6 4. O-O Bd7 5. Re1 Nf6 6. c3 a6 7. Bf1 Bg4 8. h3
Bxf3 9. Qxf3 e6 10. d3 Be7 11. Be3 d5 12. Bg5 O-O 13. Bxf6 Bxf6 14. exd5 exd5
15. Nd2 b5 16. Nb3 Qd6 17. Rad1 b4 18. d4 c4 19. Nc5 Rab8 20. g3 Ne7 21. h4 bxc3
22. bxc3 Rb2 23. Re2 Rfb8 24. Bh3 Rxe2 25. Qxe2 Ng6 26. h5 Nf8 27. Re1 h6 28.
Qc2 a5 29. Re2 Qd8 30. Qf5 a4 31. Bg2 Qa5 32. Bxd5 Qxc3 33. Bxf7+ Kh8 34. Nd7
Qd3 35. Qf4 Nxd7 36. Qxb8+ Nxb8 37. Re8+ Kh7 38. Bg6+ Qxg6 39. hxg6+ Kxg6 40.
Rxb8 c3 41. Rb4 c2 42. Rc4 Bxd4 43. Rxc2 a3 44. Rc4 Bb2 45. Kg2 Kf5 46. Kf3 Ke5
47. Ke2 Kd5 48. Kd3 Ke5 49. Rc5+ Kf6 50. Ra5 Kg6 51. g4 Kf6 52. f4 Bc1 53. Ra6+
Kf7 54. Ke4 Bb2 55. Kf5 Kf8 56. Kg6 Bc1 57. Ra7 Bb2 58. f5 1-0

[Event "PRO League Group Stage"]
[Site "chess.com INT"]
[Date "2019.01.10"]
[Round "1"]
[White "Mikhailovsky, Vladimir"]
[Black "Savchenko, Boris"]
[Result "0-1"]
[WhiteTitle "CM"]
[BlackTitle "GM"]
[WhiteElo "2180"]
[BlackElo "2562"]
[WhiteTeam "Moscow Phoenix"]
[BlackTeam "Moscow Wizards"]
[WhiteFideId "34105414"]
[BlackFideId "4147332"]
[EventDate "2019.01.08"]

1. c4 e5 2. Nc3 Nf6 3. g3 d5 4. cxd5 Nxd5 5. Bg2 Nb6 6. d3 c5 7. Nf3 Nc6 8. O-O
Be7 9. b3 O-O 10. Bb2 Be6 11. Rc1 Rc8 12. Ne4 Nd7 13. Qc2 f5 14. Ned2 b5 15. h4
h6 16. Qb1 Bd6 17. a3 Qf6 18. Ba1 Qg6 19. e3 f4 20. Ne4 Be7 21. Kh2 Bg4 22. b4
Qh5 23. Ned2 cxb4 24. axb4 Nxb4 25. Qb3+ Kh8 26. exf4 exf4 27. Rxc8 Rxc8 28. Re1
Bd6 29. Ne4 Bf8 30. Nd4 a6 31. Bb2 Nd5 32. Kg1 N7b6 33. Nd2 Bb4 34. N4f3 fxg3
35. fxg3 Bxf3 36. Bxf3 Qg6 37. Re2 Qxg3+ 38. Rg2 Qe1+ 39. Nf1 Bc5+ 40. d4 Bd6
41. Bxd5 Nxd5 42. Qxd5 Rf8 43. Qxd6 Rxf1+ 44. Kh2 Qxh4# 0-1

[Event "PRO League Group Stage"]
[Site "chess.com INT"]
[Date "2019.01.10"]
[Round "1"]
[White "Demidov, Mikhail"]
[Black "Dobrov, Vladimir"]
[Result "0-1"]
[WhiteTitle "IM"]
[BlackTitle "GM"]
[WhiteElo "2520"]
[BlackElo "2478"]
[WhiteTeam "Moscow Phoenix"]
[BlackTeam "Moscow Wizards"]
[WhiteFideId "4197143"]
[BlackFideId "4136594"]
[EventDate "2019.01.08"]

1. Nf3 d5 2. d4 Nf6 3. Bf4 c5 4. dxc5 e6 5. e3 Bxc5 6. Be2 O-O 7. O-O Nc6 8. c4
d4 9. exd4 Nxd4 10. Nc3 Nxe2+ 11. Qxe2 Bd7 12. Ne5 Be8 13. Rad1 Qb6 14. Bg5 Kh8
15. Rd3 Ng8 16. Rh3 f6 17. Na4 Qc7 18. Qe4 h6 19. Nxc5 Qxc5 20. Qxb7 Rd8 21. Be3
Qxe5 22. b3 Rf7 23. Qa6 Qe4 24. Rg3 Ne7 25. Qa5 Rd7 26. Bc1 Nf5 27. Rh3 Qe2 28.
Qe1 Nd4 29. Qc3 Qg4 30. Kh1 Ne2 31. Qe3 Nxc1 32. Qxc1 e5 33. Rg3 Qe2 34. Re3
Qxa2 35. c5 Rd2 36. b4 Rxf2 37. Rxf2 Qxf2 38. Rf3 Qe2 39. Re3 Qb5 40. h3 Bc6 41.
Kh2 Qxb4 42. Rd3 Qf4+ 43. Qxf4 exf4 0-1

[Event "PRO League Group Stage"]
[Site "chess.com INT"]
[Date "2019.01.10"]
[Round "1"]
[White "Lushenkov, Mikhail"]
[Black "Kryakvin, Dmitry"]
[Result "1/2-1/2"]
[WhiteTitle "IM"]
[BlackTitle "GM"]
[WhiteElo "2434"]
[BlackElo "2588"]
[WhiteTeam "Moscow Wizards"]
[BlackTeam "Moscow Phoenix"]
[WhiteFideId "4162129"]
[BlackFideId "4153278"]
[EventDate "2019.01.08"]

1. Nf3 d5 2. e3 Nf6 3. c4 c6 4. Nc3 a6 5. Qc2 g6 6. d4 Bf5 7. Bd3 Bxd3 8. Qxd3
Bg7 9. O-O O-O 10. e4 dxe4 11. Nxe4 Nxe4 12. Qxe4 Nd7 13. Bg5 Re8 14. Rfe1 Qb6
15. Qc2 e6 16. Rad1 a5 17. h3 a4 18. Re2 h6 19. Bf4 Qa6 20. Ne5 Nxe5 21. Bxe5
Rad8 22. Bxg7 Kxg7 23. Re5 Re7 24. Qc3 Kh7 25. Qb4 c5 26. Qxc5 Red7 27. d5 b6
28. Qd4 b5 29. b3 axb3 30. axb3 bxc4 31. bxc4 Qa4 32. h4 exd5 33. Rxd5 Rxd5 34.
cxd5 Qxd4 35. Rxd4 Kg7 36. f4 Kf6 37. Kf2 Ke7 38. g4 Kd6 39. g5 hxg5 40. hxg5
Kc5 41. Ke3 Rxd5 42. Rxd5+ Kxd5 43. Kd3 Ke6 44. Ke4 f6 45. gxf6 Kxf6 46. Kf3 g5
47. fxg5+ Kxg5 1/2-1/2

[Event "PRO League Group Stage"]
[Site "chess.com INT"]
[Date "2019.01.10"]
[Round "1"]
[White "Vastrukhin, Oleg"]
[Black "Ponkratov, Pavel"]
[Result "1-0"]
[BlackTitle "GM"]
[WhiteElo "2413"]
[BlackElo "2630"]
[WhiteTeam "Moscow Wizards"]
[BlackTeam "Moscow Phoenix"]
[WhiteFideId "4192770"]
[BlackFideId "4157800"]
[EventDate "2019.01.08"]

1. Nf3 Nf6 2. g3 b5 3. Bg2 Bb7 4. O-O g6 5. a4 b4 6. d3 d5 7. Nbd2 Bg7 8. e4
dxe4 9. Ng5 O-O 10. Ngxe4 Nxe4 11. Nxe4 Qc8 12. a5 f5 13. Nc5 Bxg2 14. Kxg2 Na6
15. Nxa6 Qxa6 16. Qf3 Rad8 17. Re1 e6 18. h4 Rfe8 19. Ra4 Qb5 20. b3 c5 21. a6
Rd7 22. Be3 Kf7 23. h5 Rc8 24. Rh1 Qc6 25. Qxc6 Rxc6 26. Ra5 Rd5 27. Rb5 Rc7 28.
Rb7 Rdd7 29. Bxc5 Rxb7 30. axb7 Rxb7 31. d4 Rc7 32. Ra1 gxh5 33. Rxa7 Rxa7 34.
Bxa7 Ke7 35. Bc5+ Kd7 36. Kh3 Bf6 37. f4 h4 38. g4 fxg4+ 39. Kxg4 Kc6 40. Bxb4
Bxd4 41. Kxh4 Kd5 42. Kg4 Ke4 43. Bd6 Bc3 44. Kg5 Bg7 45. c4 Kd4 46. Be7 e5 47.
f5 e4 48. f6 Bxf6+ 49. Bxf6+ Kd3 50. Kh6 e3 51. Bh4 1-0

[Event "PRO League Group Stage"]
[Site "chess.com INT"]
[Date "2019.01.10"]
[Round "1"]
[White "Soumya, Swaminathan"]
[Black "Ehlvest, Jaan"]
[Result "0-1"]
[WhiteTitle "WGM"]
[BlackTitle "GM"]
[WhiteElo "2416"]
[BlackElo "2521"]
[WhiteTeam "Mumbai Movers"]
[BlackTeam "Estonia Horses"]
[WhiteFideId "5016193"]
[BlackFideId "4500016"]
[EventDate "2019.01.08"]

1. e4 e6 2. d4 d5 3. Nc3 Bb4 4. e5 b6 5. a3 Bxc3+ 6. bxc3 Ne7 7. Qg4 Kf8 8. h4
Ba6 9. Bxa6 Nxa6 10. Ne2 c5 11. Rh3 h5 12. Qf3 Nf5 13. Bg5 Qd7 14. Ng3 Nxg3 15.
Rxg3 Rc8 16. Qd3 Nb8 17. a4 Nc6 18. Rb1 Na5 19. Rb5 Nc4 20. dxc5 Nxe5 21. Qe2
Nc4 22. cxb6 axb6 23. Rf3 Ra8 24. Rb4 Kg8 25. Rg3 Rxa4 26. Rxa4 Qxa4 27. Bf6
Qa1+ 28. Qd1 Qxd1+ 29. Kxd1 Rh7 30. Kc1 Kf8 31. Bd4 f6 32. f4 Kf7 33. Kd1 Rh8
34. Ke2 Ra8 35. Rd3 Ra2 36. Kf3 Rxc2 37. Rd1 e5 38. fxe5 fxe5 39. Bf2 Rxc3+ 40.
Ke2 Ke6 41. Rb1 d4 42. Be1 Rc2+ 43. Kd3 Ne3 44. Rxb6+ Kf5 45. Bd2 Rxd2+ 46. Kxd2
Nc4+ 47. Kd3 Nxb6 0-1

[Event "PRO League Group Stage"]
[Site "chess.com INT"]
[Date "2019.01.10"]
[Round "1"]
[White "Sadhwani, Raunak"]
[Black "Ladva, Ottomar"]
[Result "1-0"]
[WhiteTitle "IM"]
[BlackTitle "GM"]
[WhiteElo "2451"]
[BlackElo "2497"]
[WhiteTeam "Mumbai Movers"]
[BlackTeam "Estonia Horses"]
[WhiteFideId "35093487"]
[BlackFideId "4500024"]
[EventDate "2019.01.08"]

1. e4 g6 2. d4 Bg7 3. Nf3 d6 4. Bc4 Nf6 5. Qe2 O-O 6. e5 dxe5 7. dxe5 Nd5 8. h3
Nb6 9. Bb3 Nc6 10. O-O Be6 11. Bxe6 fxe6 12. Rd1 Qc8 13. Nc3 Nd7 14. Bg5 Rf7 15.
Rd2 Ndxe5 16. Nxe5 Bxe5 17. Rad1 Bd6 18. Ne4 Qf8 19. Qc4 Rf5 20. Be3 Ne5 21. Qb3
b5 22. Qxe6+ Qf7 23. Qxf7+ Rxf7 24. b3 a6 25. Ra1 Nc6 26. c3 Rb8 27. Rad1 Kg7
28. Bd4+ Nxd4 29. Rxd4 h6 30. g3 g5 31. Kg2 Rbf8 32. c4 Rf5 33. Rd5 bxc4 34.
bxc4 Rxd5 35. Rxd5 c6 36. Ra5 Ra8 37. Kf3 Kf7 38. Kg4 Kg6 39. Kf3 Kf7 40. Ke2
Ke6 41. h4 gxh4 42. gxh4 Rg8 43. Rxa6 Rg4 44. Kf3 Rf4+ 45. Ke3 Rxh4 46. Rxc6 Kd7
47. Ra6 Rh3+ 48. f3 h5 49. c5 Be5 50. c6+ Kc7 51. Ng5 Rh1 52. f4 Bd6 53. Ne6+
Kb8 54. f5 h4 55. Rb6+ Kc8 56. c7 Bxc7 57. Rc6 h3 58. Rxc7+ Kb8 59. Rc2 h2 60.
Re2 Kb7 61. Nd4 Kb6 62. Nf3 Rf1 63. Rxh2 Kc5 64. Kf4 Kd6 65. Rd2+ Kc7 66. Re2
Kd7 67. a4 Ra1 68. Re4 Kd6 69. Rd4+ Kc5 70. Re4 Kd6 71. Nd4 Kd7 72. Ne6 Ke8 73.
Rd4 Kf7 74. Ke5 Re1+ 75. Re4 Ra1 76. Kd5 Kf6 77. Rf4 Rd1+ 78. Kc5 Ke5 79. a5
Rc1+ 80. Kb5 Rb1+ 81. Rb4 Ra1 82. a6 Kxf5 83. Nc5 e5 84. Ra4 Rb1+ 85. Kc6 e4 86.
a7 1-0

[Event "PRO League Group Stage"]
[Site "chess.com INT"]
[Date "2019.01.10"]
[Round "1"]
[White "Kanep, Meelis"]
[Black "Puranik, Abhimanyu"]
[Result "1-0"]
[WhiteTitle "GM"]
[BlackTitle "GM"]
[WhiteElo "2435"]
[BlackElo "2536"]
[WhiteTeam "Estonia Horses"]
[BlackTeam "Mumbai Movers"]
[WhiteFideId "4501047"]
[BlackFideId "5061245"]
[EventDate "2019.01.08"]

1. d4 Nf6 2. Bg5 g6 3. Bxf6 exf6 4. e3 d5 5. c4 dxc4 6. Bxc4 Bd6 7. Nc3 f5 8.
Nf3 c6 9. h4 h6 10. h5 g5 11. Qc2 Qe7 12. O-O-O O-O 13. Bd3 f4 14. e4 Bb4 15. e5
Bg4 16. Ne4 Nd7 17. a3 Ba5 18. Kb1 Bc7 19. Rde1 Rad8 20. Ka1 Bb8 21. Qb3 b6 22.
Bb1 Bf5 23. Nf6+ Nxf6 24. Bxf5 Nd5 25. Nh2 Kg7 26. Ng4 c5 27. dxc5 bxc5 28. e6
f6 29. Be4 Nb6 30. Bb1 f5 31. Ne5 Qf6 32. e7 Bxe5 33. exf8=Q+ Rxf8 34. Ka2 Rb8
35. Re2 Nd7 36. Qd5 Rd8 37. Rd1 Bd4 38. Re6 Qf7 39. Rg6+ Kf8 40. Qxf7+ Kxf7 41.
Rxh6 Ne5 42. Bxf5 Rb8 43. b3 a5 44. Ra6 Bxf2 45. Rxa5 Kf6 46. Be4 Bd4 47. Ra6+
Kf7 48. h6 g4 49. h7 Kg7 50. Rh1 Kh8 51. Re6 f3 52. gxf3 gxf3 53. Bc6 f2 54.
Re8+ Rxe8 55. Bxe8 Nf3 56. Bb5 Ne1 57. a4 Nc2 58. Kb1 Na3+ 59. Kc1 Bc3 60. Rf1
Be1 61. Bd3 1-0